Normal view
MARC view
- Educación de la primera infancia
Entry Materia
001 - NÚMERO DE CONTROL DEL REGISTRO
- campo de control: 22990
003 - IDENTIFICADOR DE NUMERO DE CONTROL
- campo de control: MX-MxUPN
005 - FECHA Y HORA DE LA ÚLTIMA TRANSACCIÓN
- campo de control: 20240112131510.0
008 - DATOS DE LONGITUD FIJA
- campo de control de longitud fija: 240112n||acnnnbabn | ana |d
035 ## - NÚMERO DE CONTROL DEL SISTEMA
- Número de control del sistema: UPN10000022999
040 ## - FUENTE DE LA CATALOGACIÓN
- Centro catalogador de origen: MX-MxUPN
- Lengua de catalogación: spa
- Agencia de transcripción: MX-MxUPN
150 ## - ENCABEZAMIENTO - TEMÁTICO
- Término de materia o nombre geográfico como elemento inicial: Educación de la primera infancia
- Subdivisión geográfica: México
670 ## - FUENTE EN LA QUE SE LOCALIZARON DATOS
- Cita de la fuente: LC
- Información localizada: Early childhood education - Mexico
902 ## - CATALOGADOR
- Catalogador: MMA/040614
